En cuerpo y alma: cancionero de Joy Division

Αποθηκεύτηκε σε:
Λεπτομέρειες βιβλιογραφικής εγγραφής
Κύριος συγγραφέας: Curtis, Ian (Συγγραφέας)
Μορφή: Βιβλίο
Γλώσσα:Ισπανικά
Αγγλικά
Έκδοση: Barcelona Malpaso 2015
Έκδοση:2a. ed
Θέματα:
Ετικέτες: Προσθήκη ετικέτας
Δεν υπάρχουν, Καταχωρήστε ετικέτα πρώτοι!

MARC

LEADER 00000cam a2200000 a 4500
001 UCC3968
003 CL-VaPUC
008 180629e20150000sp |||||||||||||||||spa|d
020 |a 9788415996453 
041 0 7 |a spa  |2 CL-VaPUC 
041 0 7 |a eng  |2 CL-VaPUC 
082 0 4 |a 780.92  |b CUR  |2 21 
100 0 |a Curtis, Ian  |e author  |9 598100 
245 1 0 |a En cuerpo y alma: cancionero de Joy Division 
250 |a 2a. ed 
300 |a 235 p 
942 |c BK 
945 |d 20180629 12:42:00  |a dcastane 
260 |a Barcelona  |b Malpaso  |c 2015 
650 0 |a Poesías inglesas  |9 265094 
650 0 |a Biografías  |9 255210 
650 7 |a ROCK BRITANICO  |2 CL-VaPUC  |9 598101 
583 |a last modification  |c 20180629 12:42:00  |k Rodrigo Vera 
999 |c 371601  |d 371599 
952 |0 0  |1 0  |3 erd  |4 0  |6 780_920000000000000_CUR_2015  |7 0  |8 A  |9 488631  |a BIBART  |b BIBART  |i 5477875  |l 5  |o 780.92 CUR 2015  |p 5477875  |r 2025-03-13  |s 2024-04-19  |w 2019-11-24  |y BK  |z Catalogado en:20180629  |k ART